North American Geography by Letter - A - Statistics

General Stats
  • This quiz has been taken 879 times
    832 since last reset
  • The average score is 15 of 20
Answer Stats
Hint Answer % Correct
A state in the "deep south" of the US Alabama
98%
US State purchased from Russia in 1867 Alaska
98%
US State known for its red deserts Arizona
95%
Capital of Texas Austin
94%
Canadian province named for Queen Victoria's husband Alberta
92%
Island partner of Barbuda Antigua
91%
Capital of Georgia Atlanta
90%
Ocean that forms Canada's northern border Arctic
88%
US State in which you would find the Ozarks Arkansas
88%
Capital of New York state Albany
86%
Major city in the above state Anchorage
84%
Caribbean island owned by the Netherlands Aruba
80%
Mountain range that runs from Newfoundland to the above state Appalachian
77%
Pre-Columbian cultural group that controlled much of Mexico Aztecs
74%
Collective name for the islands in the Caribbean Sea, excluding the Bahamas Antilles
61%
Mexico's largest beach and resort city Acapulco
60%
Mapmaker for whom this continent was named Amerigo Vespucci
59%
British overseas territory in the Eastern Caribbean Anguilla
29%
"Hot Waters" federal district of Mexico, bordering Jalisco and Zacatecas Aguascalientes
23%
Canadian river that originates in Jasper National Park Athabasca
11%
No matching quizzes found
Score Distribution
Percent of People with Each Score
Percentile by Number Answered
Your Score History
You have not taken this quiz since the last reset